Anexion y Guerra de Santo Domingo / (Record no. 54883)

MARC details
000 -LEADER
campo de control de longitud fija 00693nam a22001935i 4500
001 - NÚMERO DE CONTROL
campo de control 54883
003 - IDENTIFICADOR DE NÚMERO DE CONTROL
campo de control ES-MaACL
005 - FECHA Y HORA DE LA ÚLTIMA TRANSACCIÓN
campo de control 20231226161527.0
007 - CAMPO FIJO DE DESCRIPCIÓN FÍSICA--INFORMACIÓN GENERAL
campo de control de longitud fija t|
008 - DATOS DE LONGITUD FIJA--INFORMACIÓN GENERAL
campo de control de longitud fija 960529s1884 sp a ||||1| spa d
040 ## - FUENTE DE CATALOGACIÓN
Centro catalogador/agencia de origen CARM
Lengua de catalogación spa
Centro/agencia transcriptor CCPB | SIC
100 1# - ENTRADA PRINCIPAL--NOMBRE DE PERSONA
Nombre de persona Gándara, A. Germán de la.
9 (RLIN) 53820
245 10 - MENCIÓN DEL TÍTULO
Título Anexion y Guerra de Santo Domingo /
Mención de responsabilidad, etc. por el General Gándara, con un prologo de D. Cristino Martos.
260 ## - PUBLICACIÓN, DISTRIBUCIÓN, ETC.
Lugar de publicación, distribución, etc. Madrid :
Nombre del editor, distribuidor, etc. [s.n.],
Fecha de publicación, distribución, etc. 1884 (
Fabricante Imprenta de "El Correo Militar")
300 ## - DESCRIPCIÓN FÍSICA
Extensión 2 v. (XXV, 442 p., [1] h. de map. ; 656 p., [2] h. de map.) ;
Dimensiones 24 cm.
700 1# - ENTRADA AGREGADA--NOMBRE PERSONAL
Nombre de persona Martos, Cristino,
Fechas asociadas al nombre 1830-1893
9 (RLIN) 78547
852 ## - LOCALIZACIÓN
Ubicación ES-MaACL
Número de control de estantería F-13185-6
Holdings
Estatus retirado Estado de pérdida Estado de daño No para préstamo Colección Biblioteca de origen Biblioteca actual Ubicación en estantería Fecha de adquisición Fuente de adquisición Total de préstamos Signatura topográfica completa Código de barras Visto por última vez Precio de reemplazo Tipo de ítem Koha
        Libros del s. XIX Biblioteca del Ateneo de Madrid Biblioteca del Ateneo de Madrid Sala Pecera Planta 2 17/01/2008     F-13185-6 1057673 23/02/2023 23/02/2023 Libro impreso antiguo